ბათუმის შოთა რუსთაველის სახელმწიფო უნივერსიტეტის ბიბლიოთეკა

Фармация. №1 2015 (ბიბ.ჩანაწერი № 47859)

000 -LEADER
fixed length control field 00512nam a2200193Ia 4500
001 - CONTROL NUMBER
control field 14734
003 - CONTROL NUMBER IDENTIFIER
control field GE_BSU
008 - FIXED-LENGTH DATA ELEMENTS--GENERAL INFORMATION
fixed length control field 181216s||||||||xx |||||||||||||| ||und||
040 ## - CATALOGING SOURCE
Transcribing agency GE_BSU
080 ## - UNIVERSAL DECIMAL CLASSIFICATION NUMBER
Universal Decimal Classification number პერიოდიკა
245 ## - TITLE STATEMENT
Title Фармация. №1 2015
245 ## - TITLE STATEMENT
Statement of responsibility, etc. Гл. ред.И.А.Самылина
260 ## - PUBLICATION, DISTRIBUTION, ETC.
Place of publication, distribution, etc. Москва
260 ## - PUBLICATION, DISTRIBUTION, ETC.
Date of publication, distribution, etc. 2015
300 ## - PHYSICAL DESCRIPTION
Extent 56стр.29см.
653 ## - INDEX TERM--UNCONTROLLED
Uncontrolled term научно-практический журнал.
653 ## - INDEX TERM--UNCONTROLLED
Uncontrolled term Фармация.
942 ## - ADDED ENTRY ELEMENTS (KOHA)
Koha item type პერიოდიკა
ეგზემპლარები
Withdrawn status Lost status Damaged status Not for loan Date acquired Barcode Date last seen Price effective from Koha item type
        2018-12-17 p76770 2018-12-17 2018-12-17 პერიოდიკა